|
|
|
|
| LEADER |
01642nam a22003853i 4500 |
| 001 |
EBC7204154 |
| 003 |
MiAaPQ |
| 005 |
20231204023228.0 |
| 006 |
m o d | |
| 007 |
cr cnu|||||||| |
| 008 |
231204s2023 xx o ||||0 eng d |
| 020 |
|
|
|a 9783031248542
|q (electronic bk.)
|
| 020 |
|
|
|z 9783031248535
|
| 035 |
|
|
|a (MiAaPQ)EBC7204154
|
| 035 |
|
|
|a (Au-PeEL)EBL7204154
|
| 035 |
|
|
|a (OCoLC)1370930404
|
| 040 |
|
|
|a MiAaPQ
|b eng
|e rda
|e pn
|c MiAaPQ
|d MiAaPQ
|
| 050 |
|
4 |
|a JC328.6-.65
|
| 100 |
1 |
|
|a Tausch, Arno.
|
| 245 |
1 |
0 |
|a Political Islam and Religiously Motivated Political Extremism :
|b An International Comparison.
|
| 250 |
|
|
|a 1st ed.
|
| 264 |
|
1 |
|a Cham :
|b Springer International Publishing AG,
|c 2023.
|
| 264 |
|
4 |
|c Ã2023.
|
| 300 |
|
|
|a 1 online resource (108 pages)
|
| 336 |
|
|
|a text
|b txt
|2 rdacontent
|
| 337 |
|
|
|a computer
|b c
|2 rdamedia
|
| 338 |
|
|
|a online resource
|b cr
|2 rdacarrier
|
| 490 |
1 |
|
|a SpringerBriefs in Political Science Series
|
| 588 |
|
|
|a Description based on publisher supplied metadata and other sources.
|
| 590 |
|
|
|a Electronic reproduction. Ann Arbor, Michigan : ProQuest Ebook Central, 2023. Available via World Wide Web. Access may be limited to ProQuest Ebook Central affiliated libraries.
|
| 655 |
|
4 |
|a Electronic books.
|
| 776 |
0 |
8 |
|i Print version:
|a Tausch, Arno
|t Political Islam and Religiously Motivated Political Extremism
|d Cham : Springer International Publishing AG,c2023
|z 9783031248535
|
| 797 |
2 |
|
|a ProQuest (Firm)
|
| 830 |
|
0 |
|a SpringerBriefs in Political Science Series
|
| 856 |
4 |
0 |
|u https://ebookcentral.proquest.com/lib/matrademy/detail.action?docID=7204154
|z Click to View
|